Africa Cup of Nations - Statistics

General Stats
  • This quiz has been taken 92 times
    73 since last reset
  • The average score is 11 of 15
Answer Stats
Team % Correct
Chad
81%
Lesotho
79%
South Sudan
78%
Comoros
76%
Seychelles
76%
Eritrea
75%
Madagascar
72%
Mauritania
72%
Somalia
72%
Burundi
70%
Djibouti
69%
Gambia
66%
Central African Republic
64%
Sao Tome and Principe
63%
Swaziland
58%
No matching quizzes found
Score Distribution
Percent of People with Each Score
Percentile by Number Answered
Your Score History
You have not taken this quiz since the last reset